10 pays où le taux de meurtres est le plus bas - Statistiques

Statistiques générales
  • Ce quiz a été pris 607 fois
  • Le résultat moyen est 6 sur 14
Statistiques - réponses
*meurtre hint pays % Correct
0.00 Europe Vatican
73%
0.00 Europe Monaco
71%
0.00 Europe Andorre
70%
0.30 Europe Islande
65%
0.00 Europe Saint Marin
65%
0.00 Europe Liechtenstein
63%
0.28 Asie Japon
61%
0.32 Asie Singapour
47%
0.00 Oceanie Nauru
34%
0.49 Asie Brunei
33%
0.38 Asie Qatar
33%
0.50 Asie Indonesie
11%
0.48 Europe Slovenie
11%
0.37 Afrique Burkina Faso
1%
Aucun quiz correspondant
Distribution des résultats
% des personnes avec chaque résultat
Percentile par nombre de réponses
Votre historique - résultats
Vous n’avez pas pris ce quiz